000 00615nam a2200193Ia 4500
003 GCL
008 140319s9999 xx 000 0 ara d
040 _aGCL /
_cGCL
082 0 4 _a301.01
_bا ا
100 1 _aالسيد عبدالعاطى السيد
245 1 0 _aالانسان والبيئة والمجتمع /
_cالسيد عبدالعاطى السيد
260 _aالقاهرة :
_bدار المعرفة الجامعية ،
_c1996
300 _a399 ص ؛
_c24 سم
490 _aكتاب
_v0
650 0 4 _aالمجتمع
650 0 4 _aعلم النفس
650 0 4 _aالشخصية
942 _2ddc
_cBK
999 _c43162
_d43162